LIBRARY & INFORMATION CENTRE, KCAET, TAVANUR

ONLINE PUBLIC ACCESS CATALOGUE (OPAC)

Introduction to bridges / (Record no. 2572)

MARC details
000 -LEADER
fixed length control field 00373cam a2200157ua 4500
003 - CONTROL NUMBER IDENTIFIER
control field OSt
008 - FIXED-LENGTH DATA ELEMENTS--GENERAL INFORMATION
fixed length control field 250802b |||||||| |||| 00| 0 eng d
041 ## - LANGUAGE CODE
Language code of text/sound track or separate title eng
082 ## - DEWEY DECIMAL CLASSIFICATION NUMBER
Classification number 624.2
Item number KRI/IN
100 ## - MAIN ENTRY--AUTHOR NAME
Personal name Krishnamurthy, N .
245 ## - TITLE STATEMENT
Title Introduction to bridges /
250 ## - EDITION STATEMENT
Edition statement 2 /
260 ## - PUBLICATION, DISTRIBUTION, ETC. (IMPRINT)
Place of publication Mysore :
Name of publisher Rao & Raghavan ,
Year of publication 1963.
300 ## - PHYSICAL DESCRIPTION
Number of Pages 482 ; .
942 ## - ADDED ENTRY ELEMENTS (KOHA)
Koha item type Books
Holdings
Withdrawn status Lost status Damaged status Home library Current library Date acquired Full call number Accession Number Koha item type
      KAUAET KAUAET 07/04/2012 624.2 KRI/IN 9171 Books
free website counter